LEADER 01455nam--2200445---450- 001 990001018270203316 005 20090129150855.0 010 $a88-324-9588-0 035 $a0101827 035 $aUSA010101827 035 $a(ALEPH)000101827USA01 035 $a0101827 100 $a20020306d1992----km-y0itay0103----ba 101 $aita 102 $aIT 105 $a||||||||001yy 200 1 $a<> rilevazioni contabili$edisciplina fiscale, civilistica e penale per la tenuta delle scritture e dei libri aziandali...$fCalogero Vici, Mario Gagliardi$gcon la collaborazione di Luciana Maria Vinci e Giuseppe Mansueti 205 $a6. ed. 210 $aMilano$cPirola$d1992 215 $aXVIII, 617 p$d24 cm 225 2 $aContabilità 410 $12001$aContabilità 606 0 $aLibri contabili$xLegislazione 676 $a657.044 700 1$aVINCI,$bCalogero$0107166 701 1$aGAGLIARDI,$bMario$0107167 702 1$aVINCI,$bLuciana Maria 702 1$aMANSUETI,$bGiuseppe 801 0$aIT$bsalbc$gISBD 912 $a990001018270203316 951 $a657.044 VIN 1 (IRA 25 274)$b675 EC$cIRA$d00011543 959 $aBK 969 $aECO 979 $aPATTY$b90$c20020306$lUSA01$h1249 979 $aPATTY$b90$c20020325$lUSA01$h1320 979 $c20020403$lUSA01$h1743 979 $aPATRY$b90$c20040406$lUSA01$h1710 979 $aRSIAV2$b90$c20090129$lUSA01$h1508 996 $aRilevazioni contabili$9974467 997 $aUNISA LEADER 05879nam 2200745 a 450 001 9910455467003321 005 20200520144314.0 010 $a0-85575-557-1 035 $a(CKB)2470000000002687 035 $a(EBL)839342 035 $a(OCoLC)671648391 035 $a(SSID)ssj0000355054 035 $a(PQKBManifestationID)11233492 035 $a(PQKBTitleCode)TC0000355054 035 $a(PQKBWorkID)10319057 035 $a(PQKB)11621410 035 $a(MiAaPQ)EBC839342 035 $a(MiAaPQ)EBC583527 035 $a(Au-PeEL)EBL839342 035 $a(CaPaEBR)ebr10424578 035 $a(EXLCZ)992470000000002687 100 $a20060428d2006 ua 0 101 0 $aeng 135 $aur|n|---||||| 181 $ctxt 182 $cc 183 $acr 200 04$aThe social archaeology of Australian indigenous societies$b[electronic resource] /$fedited by Bruno David, Bryce Barker, Ian J. McNiven 210 $aCanberra, A.C.T. $cAboriginal Studies Press$d2006 215 $a1 online resource (774 p.) 300 $a"Aboriginal Studies Press is the publishing arm of Australian Institute of Aboriginal and Torres Strait Island Studies"--T.p. verso. 311 $a1-306-03107-9 311 $a0-85575-499-0 320 $aIncludes bibliographical references (p. 322-367) and index. 327 $aContents; Figures and tables; Figures; Tables; Acknowledgements; Contributors; Part 1 The emergence of social archaeology in Australia; 1. The social archaeology of Indigenous Australia; December 1978; Towards a social archaeology; A different social archaeology for Indigenous societies?; Beyond ecology: socialising Indigenous pasts; The Aboriginal past as socially dynamic; Aboriginal environments as socially constructed; Aboriginal landscapes as socially inscribed; Aboriginal history as social agency; 2. An interview with Harry Lourandos; Acknowledgements 327 $a3. Harry Lourandos' life and work: an Australian archaeological odysseyAcknowledgements; Part 2 Tyranny of text; 4. Unpacking Australian prehistory; Unpacking our library, unpacking our thinking; Approaching the past: a concern with prejudice; Prehistory; Symbolic ways of Being: hunting and gathering versus agriculture; Materiality of subsistence practices; Definitions; Symbolic meanings; Continuing Lourandos' project; Acknowledgements; Note; 5. Hierarchies of knowledge and the tyranny of text: archaeology, ethnohistory and oral traditions in Australian archaeological interpretation 327 $aIntroductionThe construction of scientific evidence; Historicising the Whitsunday's past; The historical record; Norman B Tindale; Walter E Roth; The archaeological record; Discussion; An integrative model?; Conclusion; Acknowledgements; 6. Colonial diffusionism and the archaeology of external influences on Aboriginal culture; Introduction; Changing relevancy of an 'unresolved debate'; Colonial diffusionism; External influences and small tools; External influences, small tools and the dingo; External influences and intensification; External influences, the dingo and Torres Strait 327 $aAcknowledgements7. Harry Lourandos, the 'Great Intensification Debate', and the representation of Indigenous pasts; 'Intensification' revisited; Will the 'real' intensification please step forward?; The 'Great Intensification Debate'; Outcomes; Reactions; Revisions; Discussion: the politics and poetics of an archaeological debate; Conclusion; Acknowledgements; Part 3 Anthropological approaches; 8. Footprints of the ancestors: the convergence of anthropological and archaeological perspectives in contemporary Aboriginal heritage studies; Introduction: archaeology contra anthropology 327 $aThe material dimension of Aboriginal social lifeCultural continuity; Interpreting actions on Country; Aboriginal interpretations of artefactual remains; Birthplace; Burial sites; Footprints; Massacre sites; Case 1: Waanyi and Gangalidda, Gulf of Carpentaria; Case 2: Ghungalu and Kangoulu, central Queensland; Discussion; Acknowledgements; Notes; 9. Earth, wind, fire and water: the social and spiritual construction of water in Aboriginal societies; Introduction; Water; The people and environments of Princess Charlotte Bay; Aboriginal ontologies of waterscapes 327 $aTwo sacred stories: water forms, ancestral beings and places 330 $aRevealing the ancient past of Aboriginal Australians to be one of longterm changes in social relationships and traditions?as well as in the active management and manipulation of the environment?this account encourages a deeper appreciation of the ways Aboriginal peoples have engaged with and constructed their worlds. The study also solicits a deeper understanding of the contemporary political and social context of research and the insidious impacts of colonialist philosophies. 606 $aAboriginal Australians$xAntiquities 606 $aAboriginal Australians$xSocial life and customs 606 $aAboriginal Australians$xHistory 606 $aSocial archaeology$zAustralia 607 $aAustralia$xSocial life and customs 607 $aAustralia$xHistory 607 $aAustralia$xAntiquities 608 $aElectronic books. 615 0$aAboriginal Australians$xAntiquities. 615 0$aAboriginal Australians$xSocial life and customs. 615 0$aAboriginal Australians$xHistory. 615 0$aSocial archaeology 676 $a305.89915 701 $aDavid$b Bruno$f1962-$0801696 701 $aBarker$b Bryce$0943306 701 $aMcNiven$b Ian J$0943307 712 02$aAustralian Institute of Aboriginal and Torres Strait Islander Studies. 801 0$bMiAaPQ 801 1$bMiAaPQ 801 2$bMiAaPQ 906 $aBOOK 912 $a9910455467003321 996 $aThe social archaeology of Australian indigenous societies$92128904 997 $aUNINA LEADER 02207nam 2200433 450 001 996577956903316 005 20231214152524.0 010 $a1-5044-5562-2 024 70$a10.1109/IEEESTD.2019.8697192 035 $a(CKB)4100000008042781 035 $a(NjHacI)994100000008042781 035 $a(EXLCZ)994100000008042781 100 $a20231214d2019 uy 0 101 0 $aeng 135 $aur||||||||||| 181 $ctxt$2rdacontent 182 $cc$2rdamedia 183 $acr$2rdacarrier 200 10$aIEEE Std 1159.3-2019 (Revision of IEEE Std 1159.3-2003) $eIEEE Recommended Practice for Power Quality Data Interchange Format (PQDIF) /$fIEEE 210 1$aNew York :$cIEEE,$d2019. 215 $a1 online resource (185 pages) 225 1 $aIEEE Std ;$v1159.3-2019 330 $aA file format suitable for exchanging power quality related measurement and simulation data in a vendor independent manner is defined in this recommended practice. The format is designed to represent all power quality phenomena identified in IEEE Std 1159-2009, IEEE Recommended Practice on Monitoring Electric Power Quality, other power related measurement data, and is extensible to other data types as well. The recommended file format utilizes a highly compressed storage scheme to help reduce disk space and transmission times. The utilization of Globally Unique Identifiers (GUID) to represent each element in the file permits the format to be extensible without the need for a central registration authority. 410 0$aIEEE Std ;$v1159.3-2019. 517 $a1159.3-2019 - IEEE Recommended Practice for Power Quality Data Interchange Format 517 $aIEEE Std 1159.3-2019 606 $aFile processing (Computer science) 606 $aInformation storage and retrieval systems 606 $aElectric power distribution 615 0$aFile processing (Computer science) 615 0$aInformation storage and retrieval systems. 615 0$aElectric power distribution. 676 $a005.741 801 0$bNjHacI 801 1$bNjHacl 906 $aDOCUMENT 912 $a996577956903316 996 $aIEEE Std 1159.3-2019 (Revision of IEEE Std 1159.3-2003)$93650233 997 $aUNISA